000 01754nam a2200277 a 4500
001 000000089
005 20200929145305.0
008 081031s2008 dr a 001 0 spa d
020 _a9789945448009
020 _a9945448005
040 _aDO-SdBNP
_bspa
_cBNPHU
082 _a338.17373
_bC257s
245 0 0 _aCaracterización socioeconómica de las empresas cafetaleras en la República Dominicana /
_cFranck Galtier ...[et. al.].
260 _aSanto Domingo :
_bIDIAF,
_c2008.
300 _a75 p. :
_bil. ;
_c23 cm.
490 1 _aEstudios socioeconómicos ;
_v1
505 0 _aIntroducción -- Metodología -- Estudio de casos -- Características de las empresas cafetaleras -- Recolección de datos -- Costo de producción de un quintal de café -- Determinantes del precio del café -- Diversificación de las empresas cafetaleras -- Pobreza y vulnerabilidad -- Resultados y discusión -- Costo de producción de un quintal de café -- Determinantes del precio del café -- Diversificación de las empresas cafetaleras -- Pobreza y vulnerabilidad -- Conclusiones -- Bibliografías -- Anexos -- 1. Formulario semestral -- 2. Formulario semanal o periódico -- 3. Índices de pobreza y vulnerabilidad -- 4. Gráficas sobre los determinantes de las necesidades básicas no satisfechas -- 5. Determinantes de la pobreza -- 6. Determinantes de la vulnerabilidad.
590 _aInventariado,2018/DG
650 4 _aCafé
_xComercio
_9295
650 4 _aIndustria del café
_zRepública Dominicana
_9296
650 4 _aCafé
_xMercadeo
_9297
700 1 _aGaltier, Franck
_9298
710 2 _aInstituto Dominicano de Investigaciones Agropecuarias y Forestales
_9299
830 0 _aEstudios socioeconómicos ;
_n1
_9300
910 _aValidado. Control de calidad MMOLINA
999 _c89
_d89